000 00707nab a22002297a 4500
001 08826
003 HDC
007 cr bn ---aaaaa
008 210128c20141010my ||||| |||| 00| 00may d
040 _aHDC
245 0 _aMalaysia bakal jadi hab industri herba halal
336 _atext
_2rdacontent
337 _acomputer
_2rdamedia
338 _aonline resource
_2rdacarrier
650 _aHalal food industry
_9128
650 _aHerbs
_97675
710 _aBerita Harian
856 _zRequest full-text at [email protected]
942 _2lcc
942 _cNEWS
942 _kNWSC 002211
999 _c6149
_d6149